1141 1175 1752 1632 1554 1609 1272 1693 1259 1867 1293 1906 1708 1489 1271 1727 1506 1592 1487 1828 1660 1945 1618 1839 1571 1535 1517 1527 1805 1966 1485 1488 1595 1248 1304 1123 1512 1896 1706 1006 1440 1141 1982 1182 1684 1863 1840 1159 1431 1516 1484 1699 1707 1125 1329 1690 1673 1727 1500 1442 1056 1352 1655 1330 1920 1822 1486 1399 1115 1606 1657 1214 1127 1986 1850 1811 1731 1802 1675 1472 1979 1999 1815 1658 1923 1374 1561 1910 1529 1316 1321 1284 1289 1438 1218 1559 1205 1662 1955 BCNSPRNW ULIB Ver.6.0+V

เปลี่ยนเป็นภาษาไทย

Change to English
 แสดงรายละเอียดบรรณานุกรม
  กลับหน้าหลัก

Brief Record : Get Marc (ISO 2709) : E-mail record : QR code < ปิดหน้าต่าง
LEADER : 00000nam 2200000uu 4500
001    13399128883
003     ULIB
008    241024s2023||||th 000 0 tha d
020    ^a9780323881401
060 04 ^aQV4^bL742P
100 1  ^aLinda E. McCuistion
245 00 ^aPharmacology :^ba patient-centered nursing processapproach /^cKathleen Vuljoin DiMaggio
250    ^a11th ed.
260    ^aSt. Louis :^bElsevier Saunders,^c2023
300    ^axv, 810 p. :^bcol. ill. ;^c28 cm.
650  2 ^aPharmacological Phenomena^vNurses Instruction
650  2 ^aDrug Therapy^vNurses Instruction
650  2 ^aPatient-Centered Care^vNurses Instruction
650  2 ^aPharmaceutical Preparations^vNurses Instruction
700 1  ^aathleen Vuljoin DiMaggio
945    ^p3519^l0^i011130
999    ^aประนอม เกษจรัล
รายการนี้ยังไม่มีแท็ก
คุณยังไม่ได้ล็อกอิน คุณสามารถมีกิจกรรมร่วมกับเว็บไซต์ได้ แต่ต้องล็อกอินก่อน ::
  ล็อกอิน

รายการสื่อสารสนเทศ

ลำดับที่ ประเภท เลขเรียก/บาร์โค้ด สถานที่ สถานะ
1. วิทยาศาสตร์การแพทย์ และสุขภาพ
หนังสือสำรอง
สถานะ=หนังสือสำรอง
QV4 L742P ฉ.1 
  Barcode: 011130
ห้องสมุดวิทยาเขตสวรรค์ประชารักษ์
►หนังสือทั่วไป
บนชั้น

รายการใกล้เคียง
    ผู้แต่ง [Linda E. McCuistion]

BibComment


ยังไม่เคยถูกคอมเมนท์

คอมเมนท์ทรัพยากรรายการนี้
  คอมเมนท์: Pharmacology a ..


 Copyright 2026. Bcnsprnw @Library